书目信息 |
| 题名: |
假帐与真帐
|
|
| 作者: | 吴俊深 编著 | |
| 分册: | ||
| 出版信息: | 北京 中国财政经济出版社 2002 |
|
| 页数: | 582页 | |
| 开本: | 26cm | |
| 丛书名: | ||
| 单 册: | ||
| 中图分类: | F231.6 | |
| 科图分类: | ||
| 主题词: | 会计检查 | |
| 电子资源: | ||
| ISBN: | 7-5005-5456-7 | |
| 000 | 00712nam0 2200217 45 | |
| 001 | 0401060989 | |
| 005 | 20040106094758.0 | |
| 010 | @a7-5005-5456-7@dCNY68.00 | |
| 100 | @a20040106d2002 km y0chiy0120 ea | |
| 101 | 0 | @achi |
| 105 | @a z 000yy | |
| 200 | 1 | @a假帐与真帐@AJia Zhang Yu Zhen Zhang@f吴俊深编著@FWu Jun Shen Bian Zhu |
| 210 | @a北京@c中国财政经济出版社@d2002 | |
| 215 | @a582页@d26cm | |
| 300 | @a财会人员及财经大中专院校学生辅助教材 | |
| 300 | @a附录一:暂在股份有限公司范围内执行的《企业会计制度》统一科目;附录二:中华人民共和国财政部令(第10号) | |
| 606 | 0 | @a会计检查 |
| 690 | @aF231.6@v4 | |
| 701 | 0 | @a吴俊深@4编著 |
| 801 | @aCN@bTSTC@c20040106 | |
| 905 | @b330852-854@dF231.6@e131@f3 | |
| 假帐与真帐/吴俊深编著.-北京:中国财政经济出版社,2002 |
| 582页;26cm |
| 财会人员及财经大中专院校学生辅助教材.-附录一:暂在股份有限公司范围内执行的《企业会计制度》统一科目;附录二:中华人民共和国财政部令(第10号) |
| ISBN 7-5005-5456-7:CNY68.00 |
| ● |
| 相关链接 |
|
|
|
|
正题名:假帐与真帐
索取号:F231.6/131
 
预约/预借
| 序号 | 登录号 | 条形码 | 馆藏地/架位号 | 状态 | 备注 |
| 1 | 0330852 | 203308526 | 第一借阅区/ [索取号:F231.6/131] |
已借出,限还日期为2006.03.01 借出人:阎立慧 |
|
| 2 | 0330853 | 203308535 | 第一借阅区/ [索取号:F231.6/131] | 在馆 | |
| 3 | 0330854 | 203308544 | 第一样本阅览室/ [索取号:F231.6/131] | 在馆 |